000 00830nam a2200217Ii 4500
003 JO-AjNU
008 230605s9999||||xx |||||||||||||| ||und||
017 _a2021/7/3813
020 _a978-9923-25-433-2
040 _aJO-AjNU
_bara
_erda
_cJO-AjNU
041 _aara
050 1 4 _aQA76.73.2021
100 3 _aفاضل، علي مولود، م مشارك سيف عدنان عباس,
_eauthor
_963454
245 0 0 _aالتزييف العميق: لغة الذكاء الاصطناعي في حروب السيبران الاعلامية
250 _aط1
300 _a135ص
336 _atext
_btxt
_2rdacontent
337 _aunmediated
_bn
_2rdamedia
338 _avolume
_bnc
_2rdacarrier
650 4 _aالجرائم الحاسوبية-امن المعلومات-شبكة المعلومات-الذكاء الاصطناعي
_963455
999 _aA28784
_c32352
_d32352